书目信息 |
| 题名: |
紧致齐性空间上的调和分析
|
|
| 作者: | 郑学安 著 | |
| 分册: | ||
| 出版信息: | 上海 上海科学技术出版社 2000.07 |
|
| 页数: | 360页 | |
| 开本: | 20cm | |
| 丛书名: | 现代数学丛书 | |
| 单 册: | ||
| 中图分类: | O177.5 | |
| 科图分类: | ||
| 主题词: | 数学分析 | |
| 电子资源: | ||
| ISBN: | 7-5323-5316-8 | |
| 000 | 00754nam0 2200229 45 | |
| 001 | 8056114785 | |
| 005 | 1980011115351501 | |
| 010 | @a7-5323-5316-8@dRMB 42.40 | |
| 100 | @a19800111d2000 km y0chiy0120 ea | |
| 101 | 0 | @achi |
| 102 | @aCN@b310000 | |
| 200 | 1 | @a紧致齐性空间上的调和分析@Ajin zhi qi xing kong jian shang de diao he fen xi@d=HARMONIC ANALYSIS ON COMPACT HOMOGENEOUS SPACES@f郑学安著@FZheng Xue An Zhu |
| 210 | @a上海@c上海科学技术出版社@d2000.07 | |
| 215 | @a360页@d20cm | |
| 225 | 2 | @a现代数学丛书 |
| 410 | 0 | @12001 @a现代数学丛书 |
| 510 | @a=HARMONIC ANALYSIS ON COMPACT HOMOGENEOUS SPACES | |
| 606 | 0 | @a数学分析 |
| 690 | @aO177.5@v3 | |
| 701 | 0 | @a郑学安@AZheng Xue An@4著 |
| 801 | 0 | @aCN@bPFT@c19800111 |
| 905 | @a@dO177.5@eZ450 | |
| 紧致齐性空间上的调和分析=HARMONIC ANALYSIS ON COMPACT HOMOGENEOUS SPACES/郑学安著.-上海:上海科学技术出版社,2000.07 |
| 360页;20cm.-(现代数学丛书) |
| ←并列题名:=HARMONIC ANALYSIS ON COMPACT HOMOGENEOUS SPACES |
| ISBN 7-5323-5316-8:RMB 42.40 |
| ● |
| 相关链接 |
|
|
|
正题名:紧致齐性空间上的调和分析
索取号:O177.5/Z450
 
预约/预借
| 序号 | 登录号 | 条形码 | 馆藏地/架位号 | 状态 | 备注 |
| 1 | 371859 | 203718593 | 自科库401/401自科库 45排6列3层/ [索取号:O177.5/Z450] | 在馆 | |
| 2 | 371860 | 203718600 | 自科库401/401自科库 45排6列3层/ [索取号:O177.5/Z450] | 在馆 |